Bilecik Bilecik Bilecik Bilecik Bilecik

18. yüzyıldan bugüne iktisadi olayların evrimi/ (Record no. 3256)

MARC details
000 -BAŞLIK
Sabit Uzunluktaki Kontrol Alanı 01073nam a22003377a 4500
001 - KONTROL NUMARASI
Control Dosyası 0003272
003 - KONTROL NUMARASI KİMLİĞİ
Kontrol Alanı KOHA_MİRAKIL
005 - EN SON İŞLEM TARİHİ ve ZAMANI
Kontrol Alanı 20260207001333.0
007 - FİZİKSEL TANIM SABİT ALAN - GENEL BİLGİ
Sabit uzunluklu kontrol alanı ta
008 - SABİT UZUNLUKTAKİ VERİ ÖGELERİ - GENEL BİLGİ
Sabit Alan 090325b1983 tu |||gr||||#||||0|tur |
040 ## - KATALOGLAMA KAYNAĞI
Özgün Kataloglama Kurumu TR-BiSEU
Kataloglama Dili tur
Çeviri Kurumu TR-BiSEU
Açıklama Kuralları rda
041 0# - DİL KODU
Metin ya da ses kaydının dil kodu tur
044 ## - YAYINLAYAN/ÜRETEN KURULUŞUN ÜLKE KODU
ISO country code tu
050 ## - SINIFLAMA ve YER NUMARASI
Sınıflama Numarası HC52.5
Yer Numarası .M35 1983
100 1# - KİŞİ ADI
Yazar Adı (Kişi adı) Maillet, Jean.
245 1# - ESER ADI BİLDİRİMİ
Başlık 18. yüzyıldan bugüne iktisadi olayların evrimi/
Sorumluluk Bildirimi Jean Maillet ; Jean Maillet; çeviren Ertuğrul Tokdemir.
264 #1 - ÜRERİM, YAYIN, DAĞITIM ve TELİF BİLDİRİMİ
Yayın yeri İstanbul :
Yayınlayan Remzi Kitabevi
Yayın tarihi 1983
300 ## - FİZİKSEL TANIMLAMA
Sayfa, Cilt vb. 228 sayfa
336 ## - İÇERİK TÜRÜ
Content type term metin
Content type code txt
Source rdacontent
337 ## - MEDYA TÜRÜ
Media type term aracısız
Media type code n
Source rdamedia
338 ## - TAŞIYICI TÜRÜ
Carrier type term cilt
Carrier type code nc
Source rdacarrier
490 1# - DİZİ BİLDİRİMİ
Dizi Bildirimi Büyük fikir kitapları dizisi ;
Cilt Numarası 51.
650 #0 - KONU BAŞLIĞI EK GİRİŞ - KONU TERİMİ
Konusal terim veya coğrafi ad Ekonomik tarih 1750-1918.
9 (RLIN) 8214
650 #0 - KONU BAŞLIĞI EK GİRİŞ - KONU TERİMİ
Konusal terim veya coğrafi ad Ekonomik tarih 20. yüzyıl.
9 (RLIN) 8215
650 #0 - KONU BAŞLIĞI EK GİRİŞ - KONU TERİMİ
Konusal terim veya coğrafi ad Ekonomik durum.
9 (RLIN) 8216
650 #0 - KONU BAŞLIĞI EK GİRİŞ - KONU TERİMİ
Konusal terim veya coğrafi ad Ekonomi politikası.
9 (RLIN) 8217
650 #0 - KONU BAŞLIĞI EK GİRİŞ - KONU TERİMİ
Konusal terim veya coğrafi ad Economic conditions.
9 (RLIN) 8218
650 #0 - KONU BAŞLIĞI EK GİRİŞ - KONU TERİMİ
Konusal terim veya coğrafi ad Economic policy.
9 (RLIN) 7386
830 1# - SERİ EK GİRİŞİ - TEKBİÇİM ESER ADI
Tekbiçim Başlık Büyük fikir kitapları dizisi ;
Volume number/sequential designation 51.
9 (RLIN) 4506
942 ## - EK GİRİŞ ÖGELERİ (KOHA)
Source of classification or shelving scheme Library of Congress Classification
Koha item type Book
Holdings
Materyal Türü Kalıcı Konum Mevcut Konum Raf Yeri Sınıflandırma Kaynağı Edinim Bilgisi Ana Konular Alt Konular Yer Numarası Demirbaş Numarası Fatura Tarihi Maliyet, Alış Fiyatı Maliyet, Yenileme Fiyatı Geri Çekilme Durumu Kayıp Durumu Hasarlı Durumu Kredi için değil Kayıt Tarih Toplam Ödünçverme Son Görülme Tarihi Son Kontrol Tarihi Genel / Bağış Notu
Book Prof. Dr. Azmi Özcan Kütüphanesi Prof. Dr. Azmi Özcan Kütüphanesi Uluğbey Salonu Library of Congress Classification Bağış SOSYAL BİLİMLER Ekonomi Tarihi ve Koşulları HC52.5 .M35 1983 0003272 13/08/2010 2.50 2.50         25/03/2009 3 05/12/2024 05/12/2024 İİBF